<?xml version="1.0" encoding="UTF-8"?>
<record
    xmlns:xsi="http://www.w3.org/2001/XMLSchema-instance"
    xsi:schemaLocation="http://www.loc.gov/MARC21/slim http://www.loc.gov/standards/marcxml/schema/MARC21slim.xsd"
    xmlns="http://www.loc.gov/MARC21/slim">

  <leader>00567nam a22001937a 4500</leader>
  <controlfield tag="003">OSt</controlfield>
  <controlfield tag="008">250904b        |||||||| |||| 00| 0 eng d</controlfield>
  <datafield tag="020" ind1=" " ind2=" ">
    <subfield code="a">9788127267919</subfield>
  </datafield>
  <datafield tag="082" ind1=" " ind2=" ">
    <subfield code="a">581.234</subfield>
    <subfield code="b">K93E</subfield>
  </datafield>
  <datafield tag="100" ind1=" " ind2=" ">
    <subfield code="a">Kolte, S. J.</subfield>
  </datafield>
  <datafield tag="245" ind1=" " ind2=" ">
    <subfield code="a">Elements of Plant Virology : basic concepts and practical class exercises / </subfield>
    <subfield code="c">by S. J. Kolte and Anand Kumar Tewari</subfield>
  </datafield>
  <datafield tag="260" ind1=" " ind2=" ">
    <subfield code="a">.- Ludhiana</subfield>
    <subfield code="b">: Kalyani Publishers</subfield>
    <subfield code="c">, 2024</subfield>
  </datafield>
  <datafield tag="300" ind1=" " ind2=" ">
    <subfield code="a">313p.</subfield>
  </datafield>
  <datafield tag="650" ind1=" " ind2=" ">
    <subfield code="a">Pure Sciences</subfield>
  </datafield>
  <datafield tag="650" ind1=" " ind2=" ">
    <subfield code="a">Plants</subfield>
  </datafield>
  <datafield tag="650" ind1=" " ind2=" ">
    <subfield code="a">Plant Virology</subfield>
  </datafield>
  <datafield tag="700" ind1=" " ind2=" ">
    <subfield code="a">Tewari, A. K.</subfield>
  </datafield>
  <datafield tag="942" ind1=" " ind2=" ">
    <subfield code="2">ddc</subfield>
    <subfield code="c">BK</subfield>
    <subfield code="0">20</subfield>
  </datafield>
  <datafield tag="999" ind1=" " ind2=" ">
    <subfield code="c">48893</subfield>
    <subfield code="d">48893</subfield>
  </datafield>
  <datafield tag="952" ind1=" " ind2=" ">
    <subfield code="0">0</subfield>
    <subfield code="1">0</subfield>
    <subfield code="2">ddc</subfield>
    <subfield code="4">0</subfield>
    <subfield code="7">0</subfield>
    <subfield code="a">RAU</subfield>
    <subfield code="b">RAU</subfield>
    <subfield code="d">2025-09-04</subfield>
    <subfield code="e">SRT, Delhi</subfield>
    <subfield code="g">475.00</subfield>
    <subfield code="l">4</subfield>
    <subfield code="o">581.234 K93E</subfield>
    <subfield code="p">85763</subfield>
    <subfield code="r">2026-05-07</subfield>
    <subfield code="s">2026-04-23</subfield>
    <subfield code="w">2025-07-17</subfield>
    <subfield code="y">BK</subfield>
    <subfield code="k">SRT/5/2025-26</subfield>
  </datafield>
  <datafield tag="952" ind1=" " ind2=" ">
    <subfield code="0">0</subfield>
    <subfield code="1">0</subfield>
    <subfield code="2">ddc</subfield>
    <subfield code="4">0</subfield>
    <subfield code="7">0</subfield>
    <subfield code="a">RAU</subfield>
    <subfield code="b">RAU</subfield>
    <subfield code="d">2025-09-04</subfield>
    <subfield code="e">SRT, Delhi</subfield>
    <subfield code="g">475.00</subfield>
    <subfield code="l">3</subfield>
    <subfield code="o">581.234 K93E</subfield>
    <subfield code="p">85764</subfield>
    <subfield code="r">2026-03-20</subfield>
    <subfield code="s">2026-03-18</subfield>
    <subfield code="w">2025-07-17</subfield>
    <subfield code="y">BK</subfield>
    <subfield code="k">SRT/5/2025-26</subfield>
  </datafield>
  <datafield tag="952" ind1=" " ind2=" ">
    <subfield code="0">0</subfield>
    <subfield code="1">0</subfield>
    <subfield code="2">ddc</subfield>
    <subfield code="4">0</subfield>
    <subfield code="7">0</subfield>
    <subfield code="a">RAU</subfield>
    <subfield code="b">RAU</subfield>
    <subfield code="d">2025-09-04</subfield>
    <subfield code="e">SRT, Delhi</subfield>
    <subfield code="g">475.00</subfield>
    <subfield code="l">2</subfield>
    <subfield code="o">581.234 K93E</subfield>
    <subfield code="p">85765</subfield>
    <subfield code="r">2026-04-06</subfield>
    <subfield code="s">2026-01-27</subfield>
    <subfield code="w">2025-07-17</subfield>
    <subfield code="y">BK</subfield>
    <subfield code="k">SRT/5/2025-26</subfield>
  </datafield>
  <datafield tag="952" ind1=" " ind2=" ">
    <subfield code="0">0</subfield>
    <subfield code="1">0</subfield>
    <subfield code="2">ddc</subfield>
    <subfield code="4">0</subfield>
    <subfield code="7">0</subfield>
    <subfield code="a">RAU</subfield>
    <subfield code="b">RAU</subfield>
    <subfield code="d">2025-09-04</subfield>
    <subfield code="e">SRT, Delhi</subfield>
    <subfield code="g">475.00</subfield>
    <subfield code="l">5</subfield>
    <subfield code="o">581.234 K93E</subfield>
    <subfield code="p">85766</subfield>
    <subfield code="r">2026-03-23</subfield>
    <subfield code="s">2026-03-12</subfield>
    <subfield code="w">2025-07-17</subfield>
    <subfield code="y">BK</subfield>
    <subfield code="k">SRT/5/2025-26</subfield>
  </datafield>
  <datafield tag="952" ind1=" " ind2=" ">
    <subfield code="0">0</subfield>
    <subfield code="1">0</subfield>
    <subfield code="2">ddc</subfield>
    <subfield code="4">0</subfield>
    <subfield code="7">0</subfield>
    <subfield code="a">RAU</subfield>
    <subfield code="b">RAU</subfield>
    <subfield code="d">2025-09-04</subfield>
    <subfield code="e">SRT, Delhi</subfield>
    <subfield code="g">475.00</subfield>
    <subfield code="l">4</subfield>
    <subfield code="o">581.234 K93E</subfield>
    <subfield code="p">85767</subfield>
    <subfield code="r">2026-03-23</subfield>
    <subfield code="s">2026-03-12</subfield>
    <subfield code="w">2025-07-17</subfield>
    <subfield code="y">BK</subfield>
    <subfield code="k">SRT/5/2025-26</subfield>
  </datafield>
  <datafield tag="952" ind1=" " ind2=" ">
    <subfield code="0">0</subfield>
    <subfield code="1">0</subfield>
    <subfield code="2">ddc</subfield>
    <subfield code="4">0</subfield>
    <subfield code="7">0</subfield>
    <subfield code="a">RAU</subfield>
    <subfield code="b">RAU</subfield>
    <subfield code="d">2026-01-27</subfield>
    <subfield code="e">DBA, Delhi</subfield>
    <subfield code="g">475.00</subfield>
    <subfield code="l">0</subfield>
    <subfield code="o">581.234 K93E</subfield>
    <subfield code="p">86907</subfield>
    <subfield code="r">2026-01-27</subfield>
    <subfield code="w">2026-01-06</subfield>
    <subfield code="y">BK</subfield>
    <subfield code="k">DBS/025/2025-2026</subfield>
  </datafield>
  <datafield tag="952" ind1=" " ind2=" ">
    <subfield code="0">0</subfield>
    <subfield code="1">0</subfield>
    <subfield code="2">ddc</subfield>
    <subfield code="4">0</subfield>
    <subfield code="7">0</subfield>
    <subfield code="a">RAU</subfield>
    <subfield code="b">RAU</subfield>
    <subfield code="d">2026-01-27</subfield>
    <subfield code="e">DBA, Delhi</subfield>
    <subfield code="g">475.00</subfield>
    <subfield code="l">2</subfield>
    <subfield code="o">581.234 K93E</subfield>
    <subfield code="p">86908</subfield>
    <subfield code="r">2026-03-23</subfield>
    <subfield code="s">2026-03-07</subfield>
    <subfield code="w">2026-01-06</subfield>
    <subfield code="y">BK</subfield>
    <subfield code="k">DBS/025/2025-2026</subfield>
  </datafield>
</record>
